000 00639nam a2200229 a 4500
001 BRCA_5632
005 20190320205148.0
008 210211r1950----enka######---#000-0#eng-#
041 _aeng
044 _aenk
050 4 _aNB623.B8
_b.G65 1950
100 1 _aGoldscheider, Ludwig
_914033
245 1 0 _aThe Sculptures of Michelangelo
_ccomplete edition by Ludwig Goldscheider.
250 _a2
260 _aLondres
_bPhaidon
_c1950
300 _a164 p.
_bil., 153 láminas
_c36 cm.
500 _aF110
600 1 4 _aBuonarroti, Michel Angelo
_d1475-1564
_97833
650 1 4 _aEscultores italianos
_97653
902 _aGFM
942 _2lcc
_cB
999 _c5326
_d5326